Who Did That Classic Country Song - Statistics

General Stats
  • This quiz has been taken 53 times
    32 since last reset
  • The average score is 7 of 20
Answer Stats
Year Song Artist % Correct
1978 The Gambler Kenny Rogers
83%
1959 El Paso Marty Robbins
74%
1952 Jambalaya (On The Bayou) Hank Williams
65%
1971 Kiss An Angel Good Mornin’ Charley Pride
52%
1970 The Fightin’ Side Of Me Merle Haggard
52%
1974 I’m A Ramblin’ Man Waylon Jennings
43%
1959 The Battle Of New Orleans Johnny Horton
39%
1935 Can The Circle Be Unbroken The Carter Family
39%
1982 City of New Orleans Willie Nelson
35%
1972 Made In Japan Buck Owens
30%
1966 Flowers on The Wall Statler Brothers
30%
1945 Blue Moon of Kentucky Bill Monroe
26%
1941 Walking The Floor Over You Ernest Tubb
26%
1956 Bye Bye Love Everly Brothers
26%
1970 (I Never Promised You A) Rose Garden Lynn Anderson
26%
1968 That’s How I Got To Memphis Tom T. Hall
22%
1967 Ode To Billie Joe Bobbie Gentry
17%
1946 Roly-Poly Bob Wills
17%
1968 Skip A Rope Henson Cargill
17%
1950 Shotgun Boogie Tennessee Ernie Ford
13%
No matching quizzes found
Score Distribution
Percent of People with Each Score
Percentile by Number Answered
Your Score History
You have not taken this quiz since the last reset